00233 a2200097 450000100060000008200180000610000230002424500700004726000090011730000090012663588 a355.00151 PRZ aPrzemieniecki, J.S aIntroduction to Mathematical Methods in defence AnalysishEnglish bAIAA a289p